[Event "ch-NED (qualifier KO)"]
[Site "Rotterdam NED"]
[Date "2000.02.12"]
[Round "2.1"]
[White "Cifuentes Parada,R"]
[Black "Van der Werf,M"]
[Result "1/2-1/2"]
[WhiteElo "2483"]
[BlackElo "2432"]

1.c4 e6 2.Nf3 d5 3.d4 c6 4.Qc2 dxc4 5.Qxc4 Nf6 6.Nbd2 b6 7.g3 Bb7 8.Bg2 Nbd7
9.O-O Be7 10.Ne5 Nxe5 11.dxe5 Nd7 12.f4 O-O 13.Ne4 Qc7 14.Be3 c5 15.Rad1 Rad8
16.Nd6 Bxg2 17.Kxg2 Nb8 18.b4 Bxd6 19.exd6 Rxd6 20.bxc5 Rxd1 21.Rxd1 Nd7
22.Qb5 Nxc5 23.Bxc5 bxc5 24.Rd7 Qc8 25.Qb7 Qxb7+ 26.Rxb7 h6 27.Rxa7 c4 28.Ra3 Rd8
29.Re3 Rd2 30.a3 Rb2 31.Re4 Ra2 32.Kf2 Rxa3  1/2-1/2

[Event "8th Valle d'Aosta Open"]
[Site "Saint Vincent ITA"]
[Date "2000.02.14"]
[Round "3"]
[White "Dorfman,J"]
[Black "Borgo,G"]
[Result "1-0"]
[WhiteElo "2593"]
[BlackElo "2382"]

1.c4 e6 2.Nf3 d5 3.g3 g6 4.Bg2 Bg7 5.d4 Nc6 6.O-O Nge7 7.Qc2 O-O 8.Rd1 a5
9.Nc3 dxc4 10.Nb5 Nb4 11.Qxc4 c6 12.Nc3 b5 13.Qb3 Ned5 14.Nxd5 Qxd5 15.Bd2 Bb7
16.Bxb4 axb4 17.Ne5 Qxb3 18.axb3 Rxa1 19.Rxa1 Bxe5 20.dxe5 Rd8 21.f4 Kf8
22.Kf2 Ke7 23.Ke3 Kd7 24.g4 Kc7 25.Rc1 Ra8 26.h4 Ra2 27.Rc2 Ra1 28.f5 exf5
29.gxf5 gxf5 30.Kf4 c5 31.Bxb7 Kxb7 32.Rxc5 Rf1+ 33.Kg5 Kb6 34.Rd5 Rf2 35.Kf6 f4
36.Kxf7 Rxe2 37.e6 f3 38.e7 Kc6 39.Rd1  1-0

[Event "Petroff Mem Open"]
[Site "St Petersburg RUS"]
[Date "2000.02.14"]
[Round "7"]
[White "Balashov,Y"]
[Black "Beshukov,S"]
[Result "1-0"]
[WhiteElo "2534"]
[BlackElo "2460"]

1.c4 e6 2.Nf3 d5 3.d4 c6 4.e3 Bd6 5.Bd3 f5 6.O-O Nf6 7.b3 Qe7 8.Bb2 O-O 9.Qc1 b6
10.Ba3 Bb7 11.Bxd6 Qxd6 12.Qa3 c5 13.cxd5 Nxd5 14.dxc5 bxc5 15.Rd1 Nxe3 16.fxe3 Bxf3
17.gxf3 Qe5 18.Nc3 Qxc3 19.Rac1 Qf6 20.Qa4 Qh6 21.Qf4 Qg6+ 22.Kh1 Nd7 23.Bb5 Nb6
24.Rxc5 Nd5 25.Qe5 Rad8 26.Rg1 Qf6 27.Qxf6 Rxf6 28.Rd1 Rb8 29.Rd3 Nb4 30.Rd7 Nxa2
31.Bc4 Nb4 32.Rcc7 Rg6 33.Re7 a5 34.Bxe6+ Kh8 35.Rc8+ Rxc8 36.Bxc8 Kg8 37.Bxf5 Rf6
38.Be4 g6 39.Rd7 Na6 40.Rd5 Nc7 41.Rxa5  1-0

[Event "Goodricke Open"]
[Site "Calcutta IND"]
[Date "2000.02.16"]
[Round "11"]
[White "Koneru,H"]
[Black "Sriram,J"]
[Result "1/2-1/2"]
[WhiteElo "2244"]
[BlackElo "2356"]

1.c4 e6 2.Nf3 d5 3.g3 Nf6 4.Bg2 Be7 5.O-O O-O 6.d4 dxc4 7.Qa4 a6 8.Qxc4 b5
9.Qd3 Bb7 10.Nbd2 c5 11.b3 Nc6 12.Bb2 cxd4 13.Nxd4 Nb4 14.Qb1 Bxg2 15.Kxg2 Rc8
16.a3 Nc6 17.N2f3 Qd5 18.Qa2 Na5 19.Rac1 Qe4 20.Kg1 e5 21.Nd2 Qg4 22.N4f3 e4
23.Nd4 Qh3 24.Rxc8 Rxc8 25.Rc1 Rd8 26.Nf1 h5 27.Bc3 Rc8 28.Qb2 Nb7 29.Ne3 Nd6
30.Bb4 Qd7 31.h4 Bf8 32.Kg2 Rc7 33.Rc3 Qc8 34.Rxc7 Qxc7 35.Qc2 Qxc2 36.Ndxc2 Nb7
37.Bxf8 Kxf8 38.Kf1 Nc5 39.Nd4 g6 40.Ke1 Ke7 41.Kd2 Kd6 42.Kc3 Nd5+ 43.Nxd5 Kxd5
44.Nc2 f6 45.Ne3+ Ke5 46.f4+ exf3 47.exf3 g5 48.hxg5 fxg5 49.Ng2 Ke6 50.b4 Nd7
51.Kd4 Kd6 52.Ke4 Ke6 53.Kd4 Kd6 54.Ke4 Ke6  1/2-1/2

[Event "8th Valle d'Aosta Open"]
[Site "Saint Vincent ITA"]
[Date "2000.02.16"]
[Round "5"]
[White "Timoscenko,G"]
[Black "Lanzani,M"]
[Result "1-0"]
[WhiteElo "2519"]
[BlackElo "2417"]

1.c4 e6 2.Nf3 d5 3.d4 c6 4.Qc2 dxc4 5.Qxc4 b5 6.Qc2 Bb7 7.e4 Nf6 8.Be2 Qb6
9.Nc3 a6 10.Bg5 Nbd7 11.Rd1 h6 12.Bh4 b4 13.Na4 b3 14.axb3 Qb4+ 15.Nc3 c5
16.d5 exd5 17.exd5 Bxd5 18.Rxd5 Nxd5 19.Bc4 N5f6 20.O-O Bd6 21.Re1+ Kf8 22.Qd3 Qb8
23.Ne4 Be7 24.Nxf6 Nxf6 25.Ne5 g5 26.Bg3 Qb4 27.Ng6+ fxg6 28.Rxe7 Rh7 29.Qd6 Rxe7
30.Qxf6+ Ke8 31.Qc6+  1-0

[Event "8th Valle d'Aosta Open"]
[Site "Saint Vincent ITA"]
[Date "2000.02.17"]
[Round "6"]
[White "Franco Ocampos,Z"]
[Black "Dittmar,P"]
[Result "0-1"]
[WhiteElo "2511"]
[BlackElo "2308"]

1.c4 e6 2.Nf3 d5 3.d4 c5 4.e3 Nc6 5.Nc3 Nf6 6.cxd5 exd5 7.Be2 cxd4 8.Nxd4 Bd6
9.O-O O-O 10.Bf3 Be5 11.Qd3 Bg4 12.Bxg4 Nxg4 13.Nf3 d4 14.exd4 Nxd4 15.Nxe5 Nxe5
16.Qg3 Re8 17.Bf4 Nec6 18.Rad1 Qa5 19.Rd2 Re6 20.f3 Rae8 21.Qf2 Qb4 22.Rfd1 Qc4
23.Ne4 f5 24.b3 Qb4 25.Ng3 Nb5 26.Rd5 Nc3  0-1

[Event "8th Valle d'Aosta Open"]
[Site "Saint Vincent ITA"]
[Date "2000.02.19"]
[Round "8"]
[White "Romanishin,O"]
[Black "Novikov,I"]
[Result "1/2-1/2"]
[WhiteElo "2578"]
[BlackElo "2591"]

1.c4 e6 2.Nf3 d5 3.d4 Nf6 4.Bg5 h6 5.Bxf6 Qxf6 6.g3 dxc4 7.Bg2 c5 8.Ne5 Nd7
9.Nxc4 cxd4 10.O-O Bc5 11.Nbd2  1/2-1/2

[Event "Ciocaltea Mem"]
[Site "Bucharest ROM"]
[Date "2000.03.16"]
[Round "4"]
[White "Marin,M"]
[Black "Vukovic,Zd"]
[Result "1-0"]
[WhiteElo "2555"]
[BlackElo "2475"]

1.c4 e6 2.Nf3 d5 3.b3 dxc4 4.bxc4 e5 5.Nc3 Nc6 6.Bb2 Nf6 7.e3 Bd6 8.d4 exd4
9.exd4 Bg4 10.Be2 Bxf3 11.Bxf3 Qe7+ 12.Kf1 O-O-O 13.Qb3 Rhe8 14.c5 Bf4 15.g3 Bd2
16.Kg2 Rxd4 17.Nd5 Nxd5 18.Bxd4 Nxd4 19.Qxd5 Nxf3 20.Qxf3 Qe4 21.Rhd1 Bb4
22.c6 bxc6 23.Rac1 Qxf3+ 24.Kxf3 Re5 25.Rc4 Bd6 26.Rxc6 Rf5+ 27.Ke2 Re5+
28.Kf1 Ra5 29.Rc4 Kd7 30.a4 g6 31.Rb1 a6 32.Rb3 Rh5 33.h4 Rd5 34.Ke2 h5 35.Rf3 Ke7
36.Rd3 Ra5 37.f4 Kd7 38.Ke3 Rf5 39.Ke4 Ke6 40.Rb3 Ra5 41.Rb8 Kd7 42.Ra8 Ke6
43.Rd4 Kf6 44.Kf3 Ke6 45.Re4+ Kf6 46.Rc4 Kf5 47.Ra7 Ke6 48.Rc6 Rxa4 49.Raxa6 Rxa6
50.Rxa6 f5 51.Ke3 Kf7 52.Kd4 Bb4 53.Kd5 Be1 54.Ra3 Bf2 55.Rf3 Be1 56.Kc6 Bd2
57.Kxc7 Be1 58.Kc6 Bd2 59.Rb3 Ke6 60.Kc5 Ba5 61.Rd3 Kf7 62.Kb5 Be1 63.Ra3 Bf2
64.Kc4 Be1 65.Kd5 Kf6 66.Rb3 Ba5 67.Ra3 Be1 68.Re3 Bb4 69.Re6+ Kf7 70.Rc6 Bf8
71.Rc7+ Kf6 72.Rb7 Be7 73.Rb6+ Kf7 74.Ke5  1-0

[Event "Dos Hermanas Qualifier"]
[Site "Internet ICC"]
[Date "2000.03.18"]
[Round "2.2"]
[White "Adla,D"]
[Black "Popov,Val"]
[Result "1/2-1/2"]
[WhiteElo "2492"]
[BlackElo "2534"]

1.c4 e6 2.Nf3 d5 3.d4 c6 4.Nbd2 f5 5.g3 Nf6 6.Bg2 Bd6 7.O-O O-O 8.b3 Bd7
9.Bb2 Be8 10.Ne5 Bh5 11.Ndf3 Nbd7 12.Nd3 h6 13.Nfe5 g5 14.f3 Qe7 15.Qc2 Rad8
16.a4 a6 17.b4 Rc8 18.Qb3 Kh7 19.b5 c5 20.e3 Bf7 21.Rac1 Bg8 22.Qa2 axb5
23.axb5 dxc4 24.Nxc4 Bb8 25.Ba3 b6 26.Qb1 Bf7 27.dxc5 bxc5 28.Na5 Bg6 29.Nc6 Qg7
30.Nxb8 Rxb8 31.Nxc5 Nxc5 32.Bxc5 Rfc8 33.Qb2 Qf7 34.Bd4 Nd5 35.Rxc8 Rxc8
36.Rc1 Rb8 37.Rc6 Qe7 38.f4 Be8 39.Bxd5 exd5 40.Ra6 Rxb5 41.Ra7 Qxa7 42.Qxb5 Qxd4
43.Qxe8 Qe4 44.Qf7+ Kh8  1/2-1/2

[Event "Val Zemitis IM"]
[Site "San Francisco USA"]
[Date "2000.04.08"]
[Round "5"]
[White "Baginskaite,C"]
[Black "Bhat,V"]
[Result "1/2-1/2"]
[WhiteElo "2240"]
[BlackElo "2398"]

1.c4 e6 2.Nf3 d5 3.g3 Nf6 4.Bg2 Be7 5.O-O O-O 6.d4 c6 7.Qc2 Nbd7 8.Rd1 b6
9.b3 a5 10.Bb2 Bb7 11.Nc3 Qb8 12.e4 Rc8 13.Ne5 Ra7 14.Nxd7 Nxd7 15.Qe2 Nf6
16.exd5 cxd5 17.cxd5 Nxd5 18.Nxd5 Bxd5 19.Bxd5 exd5 20.Rac1 Bf8 21.Qb5 Qb7
22.Re1 Raa8 23.Rxc8 Rxc8 24.Bc1 h6 25.Bf4 Bb4 26.Re8+ Rxe8 27.Qxe8+ Kh7 28.h4 Bc3
29.Be5 Bb4 30.h5 b5 31.Kg2 f6 32.Qg6+ Kh8 33.Qe8+ Kh7 34.Qg6+ Kh8 35.Bxf6 gxf6
36.Qxh6+ Qh7 37.Qxf6+ Qg7 38.Qd8+ Qg8 39.Qf6+ Kh7 40.Qf5+ Kh6 41.g4 Qg5 42.Qe6+ Kg7
43.Qd7+ Be7 44.f4 Qh4 45.g5 Qe1 46.h6+ Kg6 47.Qxd5 Qe2+ 48.Kg3 Qe1+ 49.Kg2 Qe2+
50.Kg3 Qe1+ 51.Kg2 Qe2+  1/2-1/2

[Event "Val Zemitis IM"]
[Site "San Francisco USA"]
[Date "2000.04.12"]
[Round "9"]
[White "Lobo,Ri"]
[Black "Bhat,V"]
[Result "0-1"]
[WhiteElo "2300"]
[BlackElo "2398"]

1.c4 e6 2.Nf3 d5 3.d4 c6 4.Qc2 Nd7 5.g3 Ngf6 6.Bg2 Be7 7.O-O O-O 8.Nbd2 b6
9.e4 Bb7 10.e5 Ne8 11.b3 Nc7 12.Bb2 a5 13.Rfe1 Qb8 14.Rad1 Rc8 15.h4 h6 16.Nh2 c5
17.Qd3 a4 18.f4 cxd4 19.Bxd4 Nc5 20.Qb1 axb3 21.axb3 Ra3 22.Bb2 Ra7 23.Nhf3 dxc4
24.bxc4 Qa8 25.Re2 Rd8 26.Kh2 Ra2 27.Rf1 b5 28.cxb5 Nxb5 29.h5 Bd5 30.g4 Na4  0-1

[Event "Open"]
[Site "Dos Hermanas ESP"]
[Date "2000.04.13"]
[Round "7"]
[White "Braga,F"]
[Black "Tyomkin,D"]
[Result "1/2-1/2"]
[WhiteElo "2449"]
[BlackElo "2516"]

1.c4 e6 2.Nf3 d5 3.g3 c6 4.b3 f5 5.Bg2 Nf6 6.O-O Bd6 7.d4 Qe7 8.a4 a5 9.c5 Bc7
10.Bf4 Bxf4 11.gxf4 Na6 12.Nbd2 b6 13.cxb6 Qb4 14.Ne5 Bb7 15.Ndf3 O-O 16.Nd3 Qxb6
17.Rb1 Ne4 18.Qc2 Rfc8 19.Qb2 c5 20.Rfc1 Rc7 21.dxc5 Nexc5 22.Qd4 Rac8 23.Bf1 Qd6
24.Qe5 Qxe5 25.Ndxe5 Nb4 26.Nd4 Na2 27.Rc2 Nb4 28.Rc3 Na2 29.Rc2 Nb4 30.Rc3 Na2  1/2-1/2

[Event "Japfa Open"]
[Site "Bali INA"]
[Date "2000.05.06"]
[Round "4"]
[White "Rogers,I"]
[Black "Beshukov,S"]
[Result "1-0"]
[WhiteElo "2562"]
[BlackElo "2460"]

1.c4 e6 2.Nf3 d5 3.b3 Nf6 4.g3 b6 5.Bg2 Bb7 6.O-O Nbd7 7.Bb2 c5 8.cxd5 Nxd5
9.Nc3 N7f6 10.Nxd5 Bxd5 11.d4 cxd4 12.Qxd4 Bc5 13.Qa4+ Qd7 14.Qxd7+ Kxd7
15.Ne5+ Ke7 16.Bxd5 Nxd5 17.Nd3 f6 18.Nxc5 bxc5 19.Rac1 Rhc8 20.Ba3 Ke8 21.Bxc5 a5
22.Rfd1 f5 23.Rc4 g6 24.Rdc1 Kd7 25.f3 h5 26.e4 fxe4 27.fxe4 Nf6 28.Rf1 Ng4
29.Rf7+ Kc6 30.Be3+ Kd6 31.Bf4+ e5 32.Bg5 Rxc4 33.bxc4 Rh8 34.h3 Nh6 35.Ra7 Kc5
36.Rxa5+ Kd4 37.c5 Nf7 38.Ra4+ Kd3 39.Bf6 Rb8 40.Ra7 Ke3 41.h4 Nd8 42.Bxe5 Rb1+
43.Kg2 Nc6 44.Bf4+ Kxe4 45.Ra4+ Kd5 46.Be3 Ra1 47.Bf2 Rc1 48.Be3 Ra1 49.Kf3 Rf1+
50.Ke2 Rf8 51.Rf4 Rb8 52.Rf6 Rb2+ 53.Kd3 Ne5+ 54.Kc3 Rxa2 55.Rd6+ Ke4 56.Bf4 Nf3
57.c6 Ra7 58.Rd8  1-0

[Event "VI Leonardo Di Bona"]
[Site "Cutro ITA"]
[Date "2000.05.07"]
[Round "11"]
[White "Skembris,S"]
[Black "Borgo,G"]
[Result "1/2-1/2"]
[WhiteElo "2481"]
[BlackElo "2382"]

1.c4 e6 2.Nf3 d5 3.d4 Nf6 4.Bg5 Nbd7 5.Nc3 c6 6.e3 Qa5 7.Nd2 Bb4 8.Qc2 O-O
9.Bxf6 Nxf6 10.Bd3 Qc7 11.a3 Be7 12.cxd5 exd5 13.Rc1 a6 14.h3 Bd6 15.O-O Re8
16.Rfe1 Bd7 17.Nf3 Re7 18.b4 Rae8 19.Qb1 Qc8 20.Bf1 Bf5 21.Qb2  1/2-1/2

[Event "3rd Open"]
[Site "Tanta City EGY"]
[Date "2000.05.09"]
[Round "6"]
[White "El Ghazali,Y"]
[Black "Hassan,T"]
[Result "1-0"]
[WhiteElo "2386"]
[BlackElo "2259"]

1.c4 e6 2.Nf3 d5 3.g3 c6 4.Bg2 Nf6 5.O-O Nbd7 6.d3 Bd6 7.Nc3 O-O 8.e4 dxc4
9.dxc4 Qc7 10.Qe2 e5 11.h3 Re8 12.Rd1 Bc5 13.Be3 Bxe3 14.Qxe3 Qb6 15.Qe2 Nc5
16.Rd2 Qc7 17.Rad1 Ne6 18.Qe3 b6 19.b4 a5 20.b5 c5 21.Nd5 Nxd5 22.exd5 Nd4
23.d6 Qd8 24.Nxe5 Bxh3 25.Rxd4 cxd4 26.Qxd4 Bxg2 27.Kxg2 Rxe5 28.Qxe5 Qd7
29.Qe7 Rd8 30.Qxd7 Rxd7 31.Kf3 Kf8 32.Ke4 Rd8 33.Kd5 Rc8 34.d7 Ra8 35.Kc6  1-0

[Event "Open"]
[Site "Pula CRO"]
[Date "2000.05.17"]
[Round "2"]
[White "Kozul,Z"]
[Black "Weglarz,L"]
[Result "1/2-1/2"]
[WhiteElo "2597"]
[BlackElo "2387"]

1.c4 e6 2.Nf3 d5 3.b3 Nf6 4.Bb2 Be7 5.g3 O-O 6.Bg2 a5 7.O-O a4 8.bxa4 Nbd7
9.cxd5 exd5 10.Qc2 Nb6 11.Be5 c6 12.Nc3 Nfd7 13.d4 Nxe5 14.Nxe5 Bb4 15.Rab1 Bxc3
16.Qxc3 Rxa4 17.Qb3 Ra6 18.Rfc1 Nd7 19.Nd3 Nf6 20.Nc5 Ra7 21.a4 Re8 22.e3 Nd7
23.Qb4 Nxc5 24.Rxc5 Bf5 25.Rd1 h5 26.a5 Re6 27.Qc3 Qe7 28.Ra1 h4 29.a6 Rh6
30.axb7 Rxa1+ 31.Qxa1 Qxb7 32.Ra5 Qb3 33.Ra3 Qc2 34.Rc3 Qd2 35.Qc1 Qe2 36.e4 Bxe4
37.Re3 Qc2 38.Qxc2 Bxc2 39.Re8+ Kh7 40.f3 Bd3 41.Re7 hxg3 42.hxg3 Rf6 43.Kf2 g6
44.Rc7 Kg7 45.Ke3 Bb5 46.Bh3 g5 47.Bd7 Rh6 48.f4 Rh2 49.fxg5 Re2+ 50.Kf3 Kg6
51.Rc8 Re4 52.Bxc6 Bxc6 53.Rxc6+ Kxg5 54.Rd6 Rxd4 55.Ke3 Re4+ 56.Kf3 Re5
57.g4 f5 58.gxf5 Kxf5 59.Rd8 Ke6 60.Re8+  1/2-1/2

[Event "Capablanca Mem Premier I"]
[Site "Varadero CUB"]
[Date "2000.05.17"]
[Round "9"]
[White "Franco Ocampos,Z"]
[Black "Gongora,M"]
[Result "1-0"]
[WhiteElo "2511"]
[BlackElo "2439"]

1.c4 e6 2.Nf3 d5 3.e3 Nf6 4.b3 Bd6 5.Bb2 O-O 6.Be2 b6 7.O-O Bb7 8.Nc3 c5
9.cxd5 exd5 10.d4 Nbd7 11.Re1 a6 12.Bf1 Qe7 13.g3 b5 14.dxc5 Nxc5 15.Nh4 Qe6
16.Ne2 Nce4 17.f3 Ng5 18.Nd4 Qd7 19.Ndf5 Bb4 20.Bxf6 gxf6 21.f4 Bxe1 22.fxg5 Bc3
23.Qg4 Kh8 24.Rc1 Be5 25.gxf6 Bxf6 26.Bd3 Rac8 27.Rd1 Qe6 28.Qh5 Rc3 29.Qh6 Rg8
30.Nd4 Rxd3 31.Nxe6 Rxd1+ 32.Kf2 Bxh4 33.Nf8  1-0

[Event "Bank Pocztowy Open"]
[Site "Bydgoszcz POL"]
[Date "2000.05.28"]
[Round "1"]
[White "Malaniuk,V"]
[Black "Mueller,Matt"]
[Result "0-1"]
[WhiteElo "2572"]
[BlackElo "2384"]

1.c4 e6 2.Nf3 d5 3.e3 Nf6 4.Nc3 c6 5.b3 Nbd7 6.Qc2 Bd6 7.Bb2 O-O 8.Be2 a6
9.d4 dxc4 10.bxc4 c5 11.O-O b6 12.Rfd1 Bb7 13.a4 cxd4 14.exd4 Qc7 15.h3 Rfc8
16.Nd2 Nf8 17.Bf1 Ng6 18.Qb3 Nf4 19.Re1 Nxh3+  0-1

[Event "Dutch Team Championships"]
[Site "Breda NED"]
[Date "2000.06.01"]
[Round "1"]
[White "Ljubojevic,L"]
[Black "Barsov,A"]
[Result "1-0"]
[WhiteElo "2559"]
[BlackElo "2521"]

1.c4 e6 2.Nf3 d5 3.g3 dxc4 4.Qa4+ Nd7 5.Qxc4 c5 6.b3 Be7 7.Bb2 Bf6 8.Nc3 a6
9.Bg2 b5 10.Qe4 Rb8 11.O-O Bb7 12.Qc2 Ne7 13.Rfd1 Nf5 14.e3 O-O 15.d3 Rc8
16.Qe2 Qb6 17.h4 h6 18.Rac1 Rfd8 19.Kh2 Ne7 20.Kh3 Nd5 21.Ne1 Nf8 22.Ne4 Bxb2
23.Qxb2 f5 24.Nd2 Nf6 25.Ndf3 N8d7 26.Kh2 Ng4+ 27.Kg1 Ndf6 28.Qe2 b4 29.Nd2 Nd5
30.Nc4 Qc7 31.Qb2 Nc3 32.Rxc3 bxc3 33.Qxc3 Bd5 34.Rc1 Rb8 35.Nd2 Rdc8 36.e4 Bb7
37.Nc4 f4 38.Bh3 h5 39.f3 fxg3 40.fxg4 Qf4 41.Qd2 Rf8 42.Qxf4 Rxf4 43.Kg2 Rf2+
44.Kxg3 Rxa2 45.gxh5 Bc8 46.Rc3 Kh7 47.Nf3 Kh6 48.Nd6  1-0

[Event "SVOLTA Open"]
[Site "Turin ITA"]
[Date "2000.06.04"]
[Round "8"]
[White "Laketic,G"]
[Black "Lazic,Mi"]
[Result "1/2-1/2"]
[WhiteElo "2456"]
[BlackElo "2478"]

1.c4 e6 2.Nf3 d5 3.g3 c6 4.Qc2 Nf6 5.Bg2 Nbd7 6.O-O Be7 7.b3 O-O 8.Bb2 a5
9.Nc3 Qb6 10.d4 Qa6 11.Nd2 b5 12.e4 bxc4 13.bxc4 dxc4 14.Na4 Rb8 15.Nxc4 Rb4
16.Nd2 Qb5 17.Ba3 Qxa4 18.Qxa4 Rxa4 19.Bxe7 Re8 20.Bxf6 Nxf6 21.Nb3 Ba6 22.Rfc1 Bb5
23.a3 Rd8 24.Rc3 Kf8 25.f3 Ne8 26.Kf2 Ke7 27.f4 Nc7 28.Ke3 Na8 29.Bf3 Nb6
30.Kf2 Rb8 31.g4 Rc4 32.Rxc4 Nxc4 33.Nc5 a4 34.Be2 Nd2 35.Bd1 Bc4 36.Ke3 Nf1+
37.Kf2 Nd2 38.Ke3 Nf1+ 39.Kf2  1/2-1/2

[Event "Bank Pocztowy Open"]
[Site "Bydgoszcz POL"]
[Date "2000.06.06"]
[Round "9"]
[White "Zolnierowicz,K"]
[Black "Volkov,S"]
[Result "0-1"]
[WhiteElo "2340"]
[BlackElo "2582"]

1.c4 e6 2.Nf3 d5 3.b3 a5 4.Nc3 Nf6 5.Bb2 Be7 6.g3 O-O 7.Bg2 Ne4 8.O-O Bf6
9.d4 Nxc3 10.Bxc3 b6 11.e4 dxe4 12.Nd2 Bxd4 13.Nxe4 Nc6 14.Qh5 Bxc3 15.Rad1 Qe7
16.Nxc3 Bd7 17.Rfe1 Rad8 18.Be4 g6 19.Qh6 Ne5 20.Qf4 f6 21.h4 Bc8 22.Qe3 Rxd1
23.Rxd1 Rd8 24.Re1 Qb4 25.h5 Ng4 26.Qf3 gxh5 27.Re2 Kg7 28.Nb5 Qc5 29.Qf4 e5
30.Qf3 f5 31.Bd5 c6 32.Bxc6 e4 33.Qc3+ Nf6 34.Na7 Be6 35.Rd2 Rxd2 36.Qxd2 b5
37.Qxa5 Ng4 38.Qc7+ Bf7 39.Qf4 bxc4 40.Nc8 cxb3 41.axb3 Qxc6 42.Ne7 Qf6 43.Nxf5+ Kh8
44.Qxe4 Qa1+ 45.Kg2 Qh1+  0-1

[Event "XVIII Open"]
[Site "Andorra AND"]
[Date "2000.06.29"]
[Round "6"]
[White "Jirovsky,M"]
[Black "Cosma,E"]
[Result "1/2-1/2"]
[WhiteElo "2474"]
[BlackElo "2360"]

1.c4 e6 2.Nf3 d5 3.g3 Nf6 4.Bg2 dxc4 5.Qa4+ c6 6.Qxc4 b5 7.Qc2 Bb7 8.O-O Qb6
9.a4 a6 10.Nc3 Nbd7 11.d3 c5 12.axb5 axb5 13.Rxa8+ Bxa8 14.Bg5 Be7 15.Ra1 Bc6
16.Nd2 Bxg2 17.Kxg2 O-O 18.Nf3 Bd6 19.Qb3 Rb8 20.h3 h6 21.Bxf6 Nxf6 22.Qa2 Ne8
23.b3 Nc7 24.Qa7 Kf8 25.Ne4 Ke7 26.d4 cxd4 27.Nxd4 Be5 28.Qxb6 Rxb6 29.Rc1 f5
30.Nf3 Bd6 31.Nxd6 Kxd6 32.Nd4 g6 33.f4 b4 34.Kf3 Nb5 35.Nxb5+ Rxb5 36.e4 e5
37.exf5 gxf5 38.fxe5+ Kxe5 39.Rc6 Rd5 40.Ke3 Rb5 41.h4 Ra5 42.Rc4 Ra1 43.Rxb4 Re1+
44.Kf2 Rb1 45.Rb8 Kf6 46.Rb6+ Ke5 47.h5 Rb2+ 48.Kf3 Rb1 49.Kg2 Rb2+ 50.Kh3 f4
51.Rb5+ Ke4 52.Rb4+ Kf5 53.gxf4 Rc2 54.Rc4 Rb2 55.b4 Rb3+ 56.Kh4 Rb1 57.Kg3 Rb3+
58.Kf2 Kg4 59.Ke2 Kxh5 60.Kd2 Kg4 61.Kc2 Re3 62.b5 Re8 63.Kb3 h5 64.Kb4 Rh8
65.b6 h4 66.Ka5 h3 67.b7 h2 68.Rc1 Rb8 69.Kb6 Kxf4 70.Rc4+ Kg3 71.Rc3+ Kg2  1/2-1/2

[Event "29th ch-GRE Team"]
[Site "Athens GRE"]
[Date "2000.07.10"]
[Round "5"]
[White "Zalahoras,N"]
[Black "Gavrilakis,N"]
[Result "0-1"]
[WhiteElo "2228"]
[BlackElo "2398"]

1.c4 e6 2.Nf3 d5 3.d4 Nf6 4.Nc3 c6 5.g3 Nbd7 6.Bg2 dxc4 7.O-O b5 8.Bg5 Bb7
9.e4 h6 10.Bxf6 Nxf6 11.Qe2 Bb4 12.Rfd1 Bxc3 13.bxc3 O-O 14.Ne5 Qc7 15.f4 Nd7
16.Qh5 Nf6 17.Qe2 c5 18.d5 Rad8 19.Ng4 Nxg4 20.Qxg4 exd5 21.exd5 Rd6 22.Rab1 Qa5
23.a4 Qxa4 24.Ra1 Qc2 25.Rxa7 Bc8 26.Qf3 Bf5 27.Rc7 Be4 28.Qxe4 Qxd1+ 29.Kf2 Qd2+
30.Kg1 Qxc3 31.Qe7 Qd4+ 32.Kf1 Qd1+ 33.Kf2 Qd2+ 34.Kg1 Ra6 35.d6 Qd4+  0-1

[Event "t-EuCh U18"]
[Site "Balatonlelle HUN"]
[Date "2000.07.11"]
[Round "3"]
[White "Sebenik,M"]
[Black "Kristjansson,S"]
[Result "1-0"]
[WhiteElo "2287"]
[BlackElo "2281"]

1.Nf3 e6 2.c4 d5 3.d4 Nf6 4.Nc3 Be7 5.Bg5 O-O 6.e3 h6 7.Bh4 b6 8.Bd3 Bb7
9.O-O Nbd7 10.Qe2 Ne4 11.Bxe7 Qxe7 12.cxd5 exd5 13.Ba6 Bxa6 14.Qxa6 Ndf6
15.Rac1 c5 16.dxc5 bxc5 17.Rfd1 Rfd8 18.Qa3 Rab8 19.h3 Rb6 20.Ne2 Qb7 21.b3 Re8
22.Nf4 Ra6 23.Qb2 g5 24.Ne2 Qe7 25.Nc3 Nxc3 26.Rxc3 Rd8 27.Rcd3 Qe6 28.Rc1 Qf5
29.Rdd1 Ne4 30.Ne1 Rc8 31.Nd3 Rac6 32.f3 Nf6 33.Ne5 Re6 34.Ng4 Kh7 35.Nxf6+ Rxf6
36.Rxd5 Qxd5 37.Qxf6 Re8 38.Rxc5 Qb7 39.Rc6 Kg8 40.Qxh6 Qe7 41.e4 Rd8 42.Qf6  1-0

[Event "ch-SCO"]
[Site "Glasgow SCO"]
[Date "2000.07.15"]
[Round "1"]
[White "McNab,C"]
[Black "Roberts,P"]
[Result "1-0"]
[WhiteElo "2416"]
[BlackElo "2148"]

1.c4 e6 2.Nf3 d5 3.b3 Nf6 4.g3 Be7 5.Bg2 O-O 6.O-O a5 7.Ba3 c6 8.d3 b5 9.cxb5 cxb5
10.Bxe7 Qxe7 11.Nc3 b4 12.Na4 Bd7 13.Nb6 Ra6 14.Nxd7 Qxd7 15.Qd2 Rc8 16.a3 bxa3
17.Rxa3 Nc6 18.Rc1 Qd6 19.Rxa5 Rb6 20.Rac5 Rcb8 21.Qc2 Ne7 22.Nd2 h5 23.e4 Rb4
24.Rc7 dxe4 25.dxe4 e5 26.Bf1 Ng6 27.Nf3 Rxb3 28.Ng5 Rb2 29.Qc4 Nh8 30.Nxf7 Qd2
31.Ng5+  1-0

[Event "ch-SCO"]
[Site "Glasgow SCO"]
[Date "2000.07.18"]
[Round "4"]
[White "McNab,C"]
[Black "Bryson,D"]
[Result "1/2-1/2"]
[WhiteElo "2416"]
[BlackElo "2370"]

1.c4 e6 2.Nf3 d5 3.b3 Nf6 4.g3 c5 5.Bg2 Nc6 6.O-O Be7 7.e3 O-O 8.d3 e5 9.cxd5 Nxd5
10.Bb2 f6 11.a3 Be6 12.Nbd2 Qd7 13.Rc1 Nc7 14.Ne4 Na6 15.d4 exd4 16.exd4 Nxd4
17.Nxd4 cxd4 18.Qxd4 Qxd4 19.Bxd4 Rad8 20.Bc5 Nxc5 21.Nxc5 Bxc5 22.Rxc5 b6
23.Rc3  1/2-1/2

[Event "Open"]
[Site "Dieren NED"]
[Date "2000.07.19"]
[Round "2"]
[White "Van der Elburg,F"]
[Black "Wilschut,P"]
[Result "0-1"]
[WhiteElo "2354"]
[BlackElo "2072"]

1.c4 e6 2.Nf3 d5 3.b3 Nf6 4.Bb2 Be7 5.g3 O-O 6.Bg2 c5 7.O-O b6 8.Nc3 Bb7
9.e3 Nbd7 10.Qe2 Rc8 11.Rfd1 dxc4 12.bxc4 Qc7 13.Nb5 Qb8 14.d4 a6 15.Nc3 Qa8
16.a4 Rfd8 17.Ne1 Bxg2 18.Nxg2 cxd4 19.exd4 Qc6 20.Ne3 Ne4 21.Nxe4 Qxe4 22.a5 Bg5
23.axb6 Nxb6 24.c5 Nd5 25.Re1 Nxe3 26.fxe3 Rb8 27.Bc3 Rb3 28.Bd2 e5 29.Ra4 Rb2
30.Qf2 Qd3 31.Re2 g6 32.Kf1 Rxd2  0-1

[Event "ch-Paris"]
[Site "Paris FRA"]
[Date "2000.07.19"]
[Round "5"]
[White "Veron,C"]
[Black "Krivokapic,R"]
[Result "1-0"]
[WhiteElo "2197"]
[BlackElo "2286"]

1.c4 e6 2.Nf3 d5 3.g3 dxc4 4.Qa4+ Bd7 5.Qxc4 Bc6 6.Bg2 Nf6 7.O-O Nbd7 8.d4 Bd5
9.Qc2 Be4 10.Qb3 Bd5 11.Qc2 c5 12.Nc3 Bc6 13.e4 Rc8 14.d5 exd5 15.exd5 Nxd5
16.Nxd5 Bxd5 17.Re1+ Be7 18.Bg5 Be6 19.h4 h6 20.Rxe6 fxe6 21.Qg6+ Kf8 22.Bh3 Bxg5
23.hxg5 Qe8 24.Qe4 Rc6 25.Rd1 hxg5 26.Nxg5 Rxh3 27.Nxh3 Nf6 28.Qe5 Nd7 29.Qf4+ Kg8
30.Ng5 Nf8 31.Kg2 Rc8 32.Qh4 Qg6 33.Rh1 Qh6 34.Qg4 Qf6 35.Rh5 Ng6 36.Nxe6 Re8
37.Nxc5 Rf8 38.Ne4 Qc6 39.Rc5 Qe8  1-0

[Event "ch-SCO"]
[Site "Glasgow SCO"]
[Date "2000.07.21"]
[Round "7"]
[White "Grant,J"]
[Black "Upton,T"]
[Result "0-1"]
[WhiteElo "2208"]
[BlackElo "2274"]

1.c4 e6 2.Nf3 d5 3.b3 Nf6 4.g3 Be7 5.Bg2 O-O 6.O-O b6 7.Bb2 Bb7 8.e3 Nbd7
9.cxd5 Bxd5 10.Nc3 Bb7 11.Rc1 c5 12.Ne2 Rc8 13.Rc2 Qc7 14.d3 Rfd8 15.Qa1 Bc6
16.Rd2 Qb7 17.Ne1 Bxg2 18.Nxg2 Ne8 19.f4 Bf6 20.g4 Bxb2 21.Qxb2 Ndf6 22.g5 Nd5
23.Ng3 Qe7 24.h4 Nb4 25.Ne1 f5 26.a3 Nc6 27.Nf3 Rd5 28.h5 Rcd8 29.Ne1 b5
30.Rg2 g6 31.e4 fxe4 32.dxe4 Rd1 33.hxg6 hxg6 34.Rh2 Qg7 35.e5 Nd4 36.Qg2 Nf5
37.Nxf5 exf5 38.Rh6 R8d5 39.Nf3 Qf7 40.Qe2 Rxf1+ 41.Kxf1 Ng7 42.Qxb5 Ne6
43.Qc6 Rd8 44.Rh4 Rd3 45.Ne1 Rxb3 46.Qh1 Qg7 47.Qa8+ Nf8 48.Qd5+ Qf7 49.Qxc5 Qb7
50.Rh8+ Kxh8 51.Qxf8+ Kh7 52.Qh6+ Kg8 53.Qxg6+ Kh8 54.Qh6+ Kg8 55.Qe6+ Qf7
56.Qc8+ Kg7 57.e6 Qb7 58.Qd7+ Kg6 59.Nd3 Qf3+ 60.Ke1 Qe3+ 61.Kf1 Rb1+  0-1

[Event "ch-SCO"]
[Site "Glasgow SCO"]
[Date "2000.07.21"]
[Round "7"]
[White "Stevenson,J"]
[Black "Roberts,P"]
[Result "0-1"]
[WhiteElo "2133"]
[BlackElo "2148"]

1.c4 e6 2.Nf3 d5 3.b3 Nf6 4.g3 Be7 5.Bb2 O-O 6.Bg2 c5 7.O-O Nc6 8.e3 a6 9.cxd5 Nxd5
10.d4 cxd4 11.Nxd4 Bd7 12.Nc3 Nxc3 13.Bxc3 Rc8 14.Qd2 Nxd4 15.Bxd4 Bc6 16.Rfd1 Bxg2
17.Kxg2 Qd5+ 18.Kg1 Qf3 19.Rac1 h5 20.Rxc8 Rxc8 21.Re1 h4 22.Qe2 Qe4 23.f3 Qg6
24.Qg2 Rc2 25.Re2 h3 26.Qf1 Rxe2 27.Qxe2 Qb1+ 28.Qf1 Qxa2 29.Qxh3 Qxb3 30.Qg4 e5
31.Qc8+ Bf8 32.Bc3 Qd1+ 33.Kf2 Qc2+ 34.Ke1 b5 35.Qc7 f6 36.Qc6 Qb1+ 37.Ke2 Qa2+
38.Kd3 Qb3 39.Ke4 b4 40.Ba1 a5 41.f4 Qb1+ 42.Kd5 Qd1+ 43.Ke6 Qxa1 44.Qd5 Qb1
45.Kd7+ Kh7 46.Ke8 Qc2 47.Kxf8 Qc8+ 48.Ke7 Qc7+ 49.Kf8 Qb8+ 50.Ke7 b3 51.Qe4+ g6
52.f5 Qb4+  0-1

[Event "ch-SUI"]
[Site "Pontresina SUI"]
[Date "2000.07.21"]
[Round "9"]
[White "Wirthensohn,H"]
[Black "Kaenel,H"]
[Result "0-1"]
[WhiteElo "2404"]
[BlackElo "2452"]

1.c4 e6 2.Nf3 d5 3.d4 c6 4.g3 dxc4 5.Bg2 b5 6.O-O Bb7 7.a4 a6 8.b3 cxb3 9.Qxb3 Nf6
10.Nc3 Nd5 11.Bg5 Be7 12.Bxe7 Qxe7 13.Ne5 O-O 14.Rfc1 Rd8 15.Ne4 Ra7 16.Nc5 Bc8
17.e3 f6 18.Ned3 Kh8 19.Nb4 Nxb4 20.Qxb4 a5 21.Qb2 b4 22.Nb3 Qc7 23.Rc5 Bd7
24.Rac1 Be8 25.h4 Rd6 26.Qe2 Qd8 27.Qg4 h6 28.h5 Nd7 29.R5c2 f5 30.Qe2 Nf6
31.Bxc6 Bxh5 32.Qb5 Kh7 33.Nc5 Be8 34.Bxe8 Qxe8 35.Qxe8 Nxe8 36.Nb3 Nf6 37.Rc7 Rda6
38.Rxa7 Rxa7 39.Rc5 Ne4 40.Re5 Ra6 41.Nxa5 Nc3 42.Nc4 Rxa4 43.Rxe6 b3 44.Rc6 Rxc4
45.Rxc4 b2 46.Rxc3 b1=Q+ 47.Kg2 Qe4+ 48.Kg1 Kg6 49.Rc7 Kf6 50.Ra7 g6 51.Ra6+ Kg5
52.Rb6 Kh5 53.Kf1 Qf3 54.Ke1 g5 55.Rb2 Kg4 56.Rd2 Qd5 57.Ke2 h5 58.Rd1 Kh3
59.Kd3 Kg2 60.Rd2 Kf3  0-1